[Event "SC 1500-2000"]
[Site "SchemingMind.com"]
[Date "2012.09.28"]
[Round "-"]
[White "ray winteringham"]
[Black "lennart"]
[Result "0-1"]
[WhiteCountry "ENG"]
[BlackCountry "SWE"]
[WhiteElo "1496"]
[WhiteRD "50"]
[BlackElo "1502"]
[BlackRD "54"]
[GameID "318350"]

1. d4 Nc6 2. d5 Na5 3. e4 b6 4. Bd3 Nb7 5. Nf3 Nc5 6. O-O Nxd3 7. Qxd3 a6 8. Be3 d6 9. c4 h6 10. b4 e6
11. a4 a5 12. bxa5 Rxa5 13. Re1 e5 14. h3 Nf6 15. Nbd2 Ra8 16. Reb1 Nd7 17. Nf1 Ba6 18. Ng3 Be7 19. Nf5 Bf6 20. Qc2 g6
21. Ng3 Qe7 22. Nh2 Nc5 23. Qc1 Bg5 24. Ng4 Bxe3 25. Nxe3 h5 26. f3 Qh4 27. Kh2 Bc8 28. Qe1 Nd3 29. Qe2 Nf4 30. Qf2 g5
31. Rf1 g4 32. Nef5 Qf6 33. h4 Rg8 34. Ne2 g3+ 35. Nexg3 Ba6 36. Rac1 Nd3 37. Qd2 Nxc1 38. Rxc1 Bc8 39. Nxh5 Qd8 40. Nhg7+ Kd7
41. h5 Ba6 42. h6 Rh8 43. g4 f6 44. Ne6 Qg8 45. Rg1 Qg6 46. g5 Qh5+ 47. Kg2 fxg5 48. Rh1 Qg6 49. Kf2 Rag8 50. a5 Ke8
51. Nxc7+ Kf7 52. Nxa6 Ra8 53. Nc7 Rxa5 54. Qb4 g4 55. Nxd6+ Kg8 56. Nf5 g3+ 57. Kg2 Ra2+ 58. Kg1 Qg5 59. Qb5 Qc1#
0-1

[Event "SC 1500-2000"]
[Site "SchemingMind.com"]
[Date "2012.09.28"]
[Round "-"]
[White "lennart"]
[Black "ray winteringham"]
[Result "1-0"]
[WhiteCountry "SWE"]
[BlackCountry "ENG"]
[WhiteElo "1502"]
[WhiteRD "54"]
[BlackElo "1496"]
[BlackRD "50"]
[GameID "318352"]

1. e4 e5 2. Nc3 Bb4 3. a3 Bxc3 4. dxc3 Nf6 5. Bd3 d5 6. exd5 Qxd5 7. Ne2 Qxg2 8. Rg1 Qxh2 9. Be3 O-O 10. Qd2 Bg4
11. O-O-O Bf3 12. Rg3 Qh4 13. Rxf3 e4 14. Rf4 Qh3 15. Rh1 Qe6 16. Nd4 Qd6 17. Nf5 Qc6 18. Ne7+ Kh8 19. Nxc6 exd3 20. Qxd3 Nxc6
21. Rxf6 gxf6 22. Qxh7#
1-0

[Event "SC 1500-2000"]
[Site "SchemingMind.com"]
[Date "2012.09.29"]
[Round "-"]
[White "Scooter"]
[Black "NimbleKnight"]
[Result "0-1"]
[WhiteCountry "USA"]
[BlackCountry "USA"]
[WhiteElo "1779"]
[WhiteRD "47"]
[BlackElo "1978"]
[BlackRD "90"]
[GameID "318391"]

1. d4 Nf6 2. Nf3 e6 3. Bg5 c5 4. e3 Qb6 5. b3 Ne4 6. Bf4 d5 7. Bd3 f5 8. O-O Bd7 9. Bxe4 fxe4 10. Ne5 g6
11. Nd2 cxd4 12. exd4 Qxd4 13. Nxd7 Nxd7 14. Be3 Qc3 15. Re1 Bg7 16. Qg4 Qf6 17. c4 Ne5 18. Qg5 Qxg5 19. Bxg5 Nd3
0-1

[Event "SC 1500-2000"]
[Site "SchemingMind.com"]
[Date "2012.10.02"]
[Round "-"]
[White "NimbleKnight"]
[Black "Scooter"]
[Result "1-0"]
[WhiteCountry "USA"]
[BlackCountry "USA"]
[WhiteElo "1978"]
[WhiteRD "90"]
[BlackElo "1779"]
[BlackRD "47"]
[GameID "318394"]

1. d4 Nf6 2. c4 g6 3. Nc3 Bg7 4. e4 d6 5. Nf3 O-O 6. Be2 e5 7. Be3 Bg4 8. d5 c6 9. O-O c5 10. Rb1 Nbd7
11. h3 Bxf3 12. Bxf3 a6 13. b4 b6 14. Rb3 cxb4 15. Rxb4 Qc7 16. Qb3 Nc5 17. Bxc5 bxc5 18. Rb7 Qd8 19. Rb1 Nd7 20. Qa4 Nf6
21. R7b6 Qd7 22. Qxd7 Nxd7 23. Rxd6
1-0

[Event "SC 1500-2000"]
[Site "SchemingMind.com"]
[Date "2012.10.07"]
[Round "-"]
[White "Holty"]
[Black "roque"]
[Result "0-1"]
[WhiteCountry "ENG"]
[BlackCountry "FRA"]
[WhiteElo "1708"]
[WhiteRD "55"]
[BlackElo "1903"]
[BlackRD "82"]
[GameID "318599"]

1. d4 Nf6 2. c4 e6 3. Nc3 d5 4. Nf3 c6 5. Bg5 Be7 6. h3 Nbd7 7. Rc1 dxc4 8. Bf4 Nd5 9. Bg3 O-O 10. e3 b5
11. b3 Nxc3 12. Rxc3 Bb4 13. Qc1 Qa5 14. Be2 Bxc3+ 15. Nd2 Bxd2+ 16. Qxd2 Qxd2+ 17. Kxd2 cxb3 18. axb3 a5 19. Bd6 Re8 20. g4 Nf6
21. Bf3 Bb7 22. Rc1 Nd5 23. h4 a4 24. bxa4 Rxa4 25. Be2 Rea8 26. Bd1 Ra2+ 27. Bc2 b4 28. Rb1 Nc3 29. Rc1 Ne4+ 30. Ke1 Nxd6
31. e4 Rxc2 32. Rd1 Nxe4
0-1

[Event "SC 1500-2000"]
[Site "SchemingMind.com"]
[Date "2012.10.03"]
[Round "-"]
[White "kaspy2011"]
[Black "kenneth m day"]
[Result "1-0"]
[WhiteCountry "IND"]
[BlackCountry "USA"]
[WhiteElo "1780"]
[WhiteRD "117"]
[BlackElo "1752"]
[BlackRD "52"]
[GameID "318601"]

1. e4 e5 2. Nf3 Nc6 3. Bb5 a6 4. Ba4 Nf6 5. O-O Be7 6. Re1 b5 7. Bb3 O-O 8. c3 d5 9. exd5 Nxd5 10. Nxe5 Nxe5
11. Rxe5 Bb7 12. d4 Bf6 13. Re1 Qd6 14. Qg4 Rfe8 15. Be3 Nxe3 16. Rxe3 Rxe3 17. fxe3 Re8 18. Nd2 Rxe3 19. Rf1 Qe7 20. Nf3 h6
21. d5 Re4 22. Qg3 Qc5+ 23. Kh1 Bxd5 24. Bxd5 Qxd5 25. Qxc7 Qxa2 26. Qc8+ Kh7 27. Qf5+ g6 28. Qxe4 Qxb2 29. Qb7 Kg7 30. Qxa6 Bxc3
31. Qb7 b4 32. Ne1 Qb3 33. Nd3 Qc4 34. Qf3 Qe6 35. Rb1 h5 36. Qd1 Qe7 37. Nxb4 f6 38. Nd5
1-0

[Event "SC 1500-2000"]
[Site "SchemingMind.com"]
[Date "2012.10.06"]
[Round "-"]
[White "roque"]
[Black "Holty"]
[Result "1-0"]
[WhiteCountry "FRA"]
[BlackCountry "ENG"]
[WhiteElo "1903"]
[WhiteRD "82"]
[BlackElo "1708"]
[BlackRD "55"]
[GameID "318606"]

1. e4 c5 2. Nf3 g6 3. c4 Nc6 4. d4 cxd4 5. Nxd4 d6 6. Nc3 Bg7 7. Be3 a6 8. Be2 Bd7 9. Nxc6 Bxc3+ 10. bxc3 Bxc6
11. Qd4 e5 12. Qd3 Ne7 13. Bh6 Ng8 14. Bg7 Qe7 15. Qf3 O-O-O 16. Bxh8 f6 17. Bxf6 Nxf6 18. Bd3 Rf8 19. Qe2 Nd7 20. O-O Nc5
21. Rfd1 Bd7 22. Bc2 h5 23. Rab1 Qg5 24. f3 h4 25. Rxd6 Bh3 26. Kh1 Bd7 27. Qf2
1-0

[Event "SC 1500-2000"]
[Site "SchemingMind.com"]
[Date "2012.10.03"]
[Round "-"]
[White "kenneth m day"]
[Black "kaspy2011"]
[Result "1-0"]
[WhiteCountry "USA"]
[BlackCountry "IND"]
[WhiteElo "1794"]
[WhiteRD "51"]
[BlackElo "1727"]
[BlackRD "112"]
[GameID "318608"]

1. e4 e5 2. Nf3 Nf6 3. Nxe5 d6 4. Nxf7 Kxf7 5. d4 Be6 6. Nc3 Be7 7. Bd3 Rf8 8. Bg5 Kg8 9. Qe2 Nbd7 10. O-O-O c6
11. f4 h6 12. Bh4 a5 13. f5 Bf7 14. g4 Qe8 15. Qg2 Kh8 16. h3 b5 17. Kb1 a4 18. Bf2 b4 19. Ne2 b3 20. cxb3 axb3
21. a3 Qb8 22. Be3 Nb6 23. Rc1 c5 24. Nc3 c4 25. Be2 d5 26. e5 Ng8 27. h4 Bxa3 28. e6 Be8 29. g5 Bb4 30. f6 g6
31. f7
1-0

[Event "SC 1500-2000"]
[Site "SchemingMind.com"]
[Date "2012.10.03"]
[Round "-"]
[White "spoke"]
[Black "smothered mate"]
[Result "1-0"]
[WhiteCountry "GER"]
[BlackCountry "POL"]
[WhiteElo "1793"]
[WhiteRD "66"]
[BlackElo "2034"]
[BlackRD "62"]
[GameID "318645"]

1. e4 Nf6 2. Nc3 e5 3. Nf3 Bb4 4. a3 Bxc3 5. dxc3 O-O 6. Bd3 d5 7. Bg5 dxe4 8. Bxf6 Qxf6 9. Bxe4 Rd8 10. Qe2 Bg4
11. Bxb7 Nd7 12. Bxa8 Rxa8 13. Qe4 Bxf3 14. Qxf3 Qd8 15. O-O-O Qg5+ 16. Kb1 Nb6 17. Rhe1 Rb8 18. Re4 Qe7 19. Rb4 a5 20. Rb5 Qe8
21. Qe2 f6 22. c4 Rc8 23. Rxa5 Qc6 24. c5 Nd7 25. Qc4+ Kf8 26. Qd5 Qxd5 27. Rxd5 Ke7 28. c6 Nb6 29. Rd1 Nc4 30. Ra4 Nd6
31. c4 Rb8 32. Ra7 Nxc4 33. Rd7+ Ke6 34. Rb7
1-0

[Event "SC 1500-2000"]
[Site "SchemingMind.com"]
[Date "2012.10.03"]
[Round "-"]
[White "GreeneKing"]
[Black "Clive Everill"]
[Result "0-1"]
[WhiteCountry "SCO"]
[BlackCountry "CZE"]
[WhiteElo "1859"]
[WhiteRD "78"]
[BlackElo "1763"]
[BlackRD "49"]
[GameID "318653"]

1. e4 e6 2. d4 d5 3. Nd2 h6 4. Bd3 Nc6 5. Ngf3 Nb4 6. Nf1 Nxd3+ 7. Qxd3 c5 8. dxc5 Bxc5 9. Qb5+ Bd7 10. Qxc5 dxe4
11. Ne5 b6 12. Qd4 Nf6 13. Be3 O-O 14. Nd2 Qc7 15. O-O Bb5 16. c4 Rad8 17. Qc3 Ba6 18. b4 Nd5 19. Qb2 Nxe3 20. fxe3 Rxd2
21. Qxd2 Qxe5 22. b5 Bc8 23. a4 f5 24. a5 bxa5 25. Rxa5 Qc7 26. Qa2 Rf7 27. Rd1 Kh7 28. Qa3 e5 29. Rd6 Qxc4 30. Rc6 Qe2
31. Qc1 Bd7 32. Rc2 Qd3 33. Rc7 f4 34. exf4 exf4 35. Rcxa7 f3 36. gxf3 exf3 37. Ra2 Qd4+ 38. Kh1 f2
0-1

[Event "SC 1500-2000"]
[Site "SchemingMind.com"]
[Date "2012.10.03"]
[Round "-"]
[White "smothered mate"]
[Black "spoke"]
[Result "1-0"]
[WhiteCountry "POL"]
[BlackCountry "GER"]
[WhiteElo "2034"]
[WhiteRD "62"]
[BlackElo "1793"]
[BlackRD "66"]
[GameID "318655"]

1. e4 d6 2. f4 g6 3. Nf3 Bg7 4. g3 c5 5. Bg2 Nc6 6. c3 Nf6 7. Qe2 O-O 8. O-O a6 9. a4 Bg4 10. h3 Bxf3
11. Qxf3 e5 12. d3 Qd7 13. g4 exf4 14. Bxf4 Ne5 15. Qg3 Rad8 16. Bg5 Qe6 17. Nd2 h6 18. Bxf6 Bxf6 19. d4 cxd4 20. cxd4 Nd7
21. Qd3 Nb8 22. Nc4 Rc8 23. d5 Qe7 24. a5 Rc5 25. Rae1 Nd7 26. b4 Rc7 27. Nb6 Nxb6 28. axb6 Rc3 29. Qd2 Bg7 30. e5 Rfc8
31. e6 f6 32. Rc1 Rxc1 33. Rxc1 Rxc1+ 34. Qxc1 g5 35. Qc7 Bf8 36. Bf1 Kg7 37. Bxa6
1-0

[Event "SC 1500-2000"]
[Site "SchemingMind.com"]
[Date "2012.10.03"]
[Round "-"]
[White "Clive Everill"]
[Black "GreeneKing"]
[Result "0-1"]
[WhiteCountry "CZE"]
[BlackCountry "SCO"]
[WhiteElo "1710"]
[WhiteRD "48"]
[BlackElo "1806"]
[BlackRD "72"]
[GameID "318663"]

1. e4 e5 2. f4 exf4 3. Nf3 d6 4. d4 Bg4 5. Bxf4 Be7 6. Bc4 Nc6 7. O-O Nf6 8. Nc3 Nh5 9. Be3 Qd7 10. Bxf7+ Kd8
11. Qd2 h6 12. d5 Ne5 13. Nxe5 dxe5 14. h3 Ng3 15. Rf2 Bh5 16. Be6 Qe8 17. Qd3 Bh4 18. Rd2 Bf7 19. Bg4 h5 20. Bf3 Be7
21. Nb5 Qd7 22. Nxa7 Be8 23. a4 Rf8 24. Nb5 g5 25. d6 cxd6 26. Bb6+ Kc8 27. Qc4+ Qc6 28. Qe6+ Bd7 29. Qxe7 Qxb6+ 30. Rf2 Qd8
31. Nxd6+ Kb8 32. Qxd8+ Rxd8 33. Nf7 Re8 34. Nxg5 Rxa4 35. Rxa4 Bxa4 36. b3 Bc6 37. Rd2 Kc7 38. c4 b6 39. b4 Re7 40. h4 Be8
41. Rd1 Rd7 42. Rc1 Rd2 43. Ne6+ Kd7 44. Ng7 Bg6 45. Kh2 Ne2 46. Re1 Nf4 47. Rc1 Kc7 48. c5 b5 49. Rb1 Rd7 50. Nf5 Bxf5
51. exf5 Rf7 52. g4 hxg4 53. Bxg4 Nd3 54. Kg3 e4 55. Rb3 Rg7 56. Rxd3 exd3 57. Kf4 Rxg4+
0-1

[Event "SC 1500-2000"]
[Site "SchemingMind.com"]
[Date "2012.10.10"]
[Round "-"]
[White "kubinet"]
[Black "Bottlevinnik"]
[Result "0-1"]
[WhiteCountry "GER"]
[BlackCountry "ENG"]
[WhiteElo "1454"]
[WhiteRD "44"]
[BlackElo "1590"]
[BlackRD "139"]
[GameID "318844"]

1. e4 c5 2. Nf3 d6 3. Bb5+ Bd7 4. Bxd7+ Qxd7 5. c4 Nc6 6. Nc3 e6 7. d4 cxd4 8. Nxd4 Nf6 9. O-O Be7 10. h3 e5
11. Nf5 O-O 12. Bg5 Rac8 13. Nb5 Nxe4 14. Nxe7+ Nxe7 15. Bxe7 Qxe7 16. b3 a6 17. Na3 Rb8
0-1

[Event "SC 1500-2000"]
[Site "SchemingMind.com"]
[Date "2012.10.05"]
[Round "-"]
[White "James Reed"]
[Black "Steven DuCharme"]
[Result "1-0"]
[WhiteCountry "ENG"]
[BlackCountry "USA"]
[WhiteElo "1562"]
[WhiteRD "60"]
[BlackElo "1520"]
[BlackRD "55"]
[GameID "318845"]

1. e4 c5 2. Nf3 d6 3. d4 cxd4 4. Nxd4 Nf6 5. Nc3 a6 6. Bg5 h6 7. Bxf6 exf6 8. Be2 Be7 9. h3 Bd7 10. Qd2 Nc6
11. Nxc6 Bxc6 12. O-O O-O 13. Rfd1 Qc7 14. Bc4 b5 15. Bd3 b4 16. Ne2 a5 17. Nd4 Bd7 18. a3 Rab8 19. a4 Rfc8 20. b3 Qc3
21. Nf3 Qxd2 22. Nxd2 Rc3 23. Re1 Rbc8 24. f3 Rxc2 25. Bxc2 Rxc2 26. Nc4 d5 27. exd5 Bc5+ 28. Kh1 g6 29. Rac1 Rxc4 30. Rxc4
1-0

[Event "SC 1500-2000"]
[Site "SchemingMind.com"]
[Date "2012.10.10"]
[Round "-"]
[White "Bottlevinnik"]
[Black "kubinet"]
[Result "0-1"]
[WhiteCountry "ENG"]
[BlackCountry "GER"]
[WhiteElo "1590"]
[WhiteRD "139"]
[BlackElo "1454"]
[BlackRD "44"]
[GameID "318855"]

1. e4 e5 2. f4 exf4 3. Nf3 d6 4. d4 g5 5. Bc4 h6 6. h4 g4 7. O-O gxf3 8. Qxf3 Qxh4 9. Qb3 Rh7 10. Rxf4 Qe1+
11. Rf1 Qxe4 12. c3 Be6 13. Bd2 Rg7 14. d5 Qxg2#
0-1

[Event "SC 1500-2000"]
[Site "SchemingMind.com"]
[Date "2012.10.06"]
[Round "-"]
[White "Steven DuCharme"]
[Black "James Reed"]
[Result "1/2-1/2"]
[WhiteCountry "USA"]
[BlackCountry "ENG"]
[WhiteElo "1520"]
[WhiteRD "55"]
[BlackElo "1562"]
[BlackRD "60"]
[GameID "318856"]

1. Nf3 Nf6 2. b3 d5 3. Bb2 e6 4. e3 Nc6 5. Bb5 Bd7 6. O-O Be7 7. d3 O-O 8. Nbd2 a6 9. Bxc6 Bxc6 10. Ne5 Bd6
11. Nxc6 bxc6 12. h3 h6 13. f4 Re8 14. c4 Bb4 15. a3 Bxd2 16. Qxd2 a5 17. Bxf6 Qxf6 18. Rab1 c5 19. g3 c6 20. Qb2 Qxb2
21. Rxb2 Rab8 22. cxd5 cxd5 23. Kg2 a4 24. Rfb1 axb3 25. Rxb3 Rxb3 26. Rxb3 f5 27. Rb5 c4 28. dxc4 dxc4 29. Rc5 Ra8 30. Rxc4 Rxa3
31. Kf3 Kf7 32. Rc6 h5 33. h4=
1/2-1/2

[Event "SC 1500-2000"]
[Site "SchemingMind.com"]
[Date "2012.11.05"]
[Round "-"]
[White "NimbleKnight"]
[Black "roque"]
[Result "1/2-1/2"]
[WhiteCountry "USA"]
[BlackCountry "FRA"]
[WhiteElo "1975"]
[WhiteRD "82"]
[BlackElo "1878"]
[BlackRD "77"]
[GameID "320658"]

1. e4 c5 2. Nf3 e6 3. d4 cxd4 4. Nxd4 a6 5. Bd3 Nf6 6. O-O Nc6 7. Nxc6 dxc6 8. e5 Nd5 9. Qe2 b5 10. a3 Bc5
11. c4 bxc4 12. Bxc4 Qh4 13. Bd2 O-O 14. b4 Bb6 15. Nc3 Re8 16. Ne4 Bc7 17. Nc5 Bxe5 18. Qxe5 Qxc4 19. Rfc1 Qg4 20. Rc2 f6
21. Qg3 Qxg3 22. hxg3 e5 23. Nb3 Bd7 24. Na5 Rac8 25. Rac1 Ne7 26. f3 Bf5 27. Rc5 Red8 28. Be1 Rd3 29. R5c3 Rxc3 30. Rxc3 Bd7
31. Bf2 Kf7 32. Kf1 Nd5 33. Rc1 Rc7 34. Ke2 Ke6 35. Bg1 Be8 36. Bf2 Kd7 37. Bg1 Bh5 38. Bf2 Bg6=
1/2-1/2

[Event "SC 1500-2000"]
[Site "SchemingMind.com"]
[Date "2012.11.05"]
[Round "-"]
[White "roque"]
[Black "NimbleKnight"]
[Result "0-1"]
[WhiteCountry "FRA"]
[BlackCountry "USA"]
[WhiteElo "1867"]
[WhiteRD "79"]
[BlackElo "1894"]
[BlackRD "75"]
[GameID "320661"]

1. e4 e6 2. d4 d5 3. Nc3 Bb4 4. a3 Bxc3+ 5. bxc3 dxe4 6. Qg4 Nf6 7. Qxg7 Rg8 8. Qh6 Rg6 9. Qh4 c5 10. Bb5+ Bd7
11. a4 Bxb5 12. axb5 cxd4 13. Bg5 dxc3 14. Rd1 Nbd7 15. Bxf6 Qxf6 16. Qxe4 Qe5 17. Qxe5 Nxe5 18. g3 a5 19. f4 Nd7 20. Rd3 Nb6
21. Rxc3 Nd5 22. Rc4 Rg8 23. Nf3 Ke7 24. Kf2 Rgc8 25. Ne5 f6 26. Rxc8 Rxc8 27. c4 Nb4 28. Nf3 Rxc4 29. Ra1 b6 30. Rd1 Rc2+
31. Rd2 Rxd2+ 32. Nxd2 a4 33. Nb1 Nc2 34. g4 a3 35. Nc3 Nb4 36. Ke3 a2 37. Nxa2 Nxa2 38. Kd3 Nb4+ 39. Kd4 Nd5 40. f5 Nc7
41. fxe6 Kxe6 42. Kc4 Ke5 43. h3 Ke4 44. h4 h6
0-1

[Event "SC 1500-2000"]
[Site "SchemingMind.com"]
[Date "2012.11.30"]
[Round "-"]
[White "lennart"]
[Black "James Reed"]
[Result "1-0"]
[WhiteCountry "SWE"]
[BlackCountry "ENG"]
[WhiteElo "1468"]
[WhiteRD "55"]
[BlackElo "1442"]
[BlackRD "59"]
[GameID "321981"]

1. e4 c5 2. Nc3 Nc6 3. Nf3 e6 4. h3 Bd6 5. Bc4 h6 6. d3 Nf6 7. Nb5 Bc7 8. Nxc7+ Qxc7 9. g3 O-O 10. Be3 d6
11. Qe2 Re8 12. O-O a6 13. c3 b5 14. Bb3 Bb7 15. a3 Na5 16. Ba2 Nd7 17. Bf4 e5 18. Bd2 c4 19. d4 Nf6 20. d5 Bc8
21. Kg2 Bb7 22. Rab1 Bc8 23. g4 Bd7 24. g5 Nh7 25. gxh6 Qc8 26. Rh1 Nb7 27. b3 cxb3 28. Bxb3 Nc5 29. Bc2 Qd8 30. hxg7 f6
31. h4 Qe7 32. h5 Bg4 33. h6 Rf8 34. Rbg1 Rab8 35. Kf1 Bxf3 36. Qxf3 Qf7 37. gxf8=Q+ Kxf8 38. Rg7 Qxg7 39. hxg7+ Kxg7 40. Qg4+ Ng5
41. Bxg5 fxg5 42. Qxg5+ Kf7 43. Rh7+ Ke8 44. Qe7#
1-0

[Event "SC 1500-2000"]
[Site "SchemingMind.com"]
[Date "2012.11.30"]
[Round "-"]
[White "James Reed"]
[Black "lennart"]
[Result "0-1"]
[WhiteCountry "ENG"]
[BlackCountry "SWE"]
[WhiteElo "1442"]
[WhiteRD "59"]
[BlackElo "1468"]
[BlackRD "55"]
[GameID "321985"]

1. e4 e5 2. Nf3 Nc6 3. Bb5 a6 4. Ba4 b5 5. Bb3 Nf6 6. O-O h6 7. Re1 Bc5 8. c3 Qe7 9. h3 a5 10. d4 exd4
11. cxd4 Bb6 12. Nc3 O-O 13. a3 Bb7 14. Bf4 Nh5 15. Be3 a4 16. Bc2 d6 17. Bd3 Na5 18. Nd5 Qd7 19. Nd2 Bxd5 20. exd5 Nf6
21. Qe2 Rae8 22. b4 Nb3 23. Nxb3 axb3 24. Qb2 Nxd5 25. Qxb3 Nxe3 26. fxe3 Re6 27. Bf5 Rfe8 28. Bxe6 Rxe6 29. d5 Rg6 30. Kh1 Qf5
31. e4 Qg5 32. Qc2 f6 33. Rf1 Bd4 34. Rad1 Be5 35. Qxc7 Qg3 36. Kg1 Qh2+ 37. Kf2 Qxg2+ 38. Ke1 Bg3+ 39. Rf2 Qxf2#
0-1

[Event "SC 1500-2000"]
[Site "SchemingMind.com"]
[Date "2013.01.03"]
[Round "-"]
[White "Bottlevinnik"]
[Black "spoke"]
[Result "1/2-1/2"]
[WhiteCountry "ENG"]
[BlackCountry "GER"]
[WhiteElo "1682"]
[WhiteRD "121"]
[BlackElo "1787"]
[BlackRD "69"]
[GameID "324139"]

1. d4 d5 2. c4 dxc4 3. Nf3 c6 4. a4 Nf6 5. Nc3 Bf5 6. e3 e6 7. Bxc4 Bb4 8. O-O O-O 9. Nh4 Bg4 10. Qb3 Bxc3
11. bxc3 Nd5 12. g3 Nd7 13. Qxb7 Qc8 14. Rb1 Rb8 15. Qxc8 Rfxc8 16. Bd2 N7b6 17. Ba6 Rd8 18. f3 Bh3 19. Rfe1 e5 20. e4 Nc7
21. Bf1 Bxf1 22. Rxf1 exd4 23. Nf5 Nc4 24. Rxb8 Rxb8 25. Bf4 Rb7 26. cxd4 g6 27. Nd6 Nxd6 28. Bxd6 Ne6 29. d5 cxd5 30. exd5 Rd7=
1/2-1/2

[Event "SC 1500-2000"]
[Site "SchemingMind.com"]
[Date "2013.01.03"]
[Round "-"]
[White "spoke"]
[Black "Bottlevinnik"]
[Result "0-1"]
[WhiteCountry "GER"]
[BlackCountry "ENG"]
[WhiteElo "1787"]
[WhiteRD "69"]
[BlackElo "1682"]
[BlackRD "121"]
[GameID "324147"]

1. e4 e5 2. Nf3 Nc6 3. Bc4 Nf6 4. Ng5 d5 5. exd5 Na5 6. Bb5+ c6 7. dxc6 bxc6 8. Be2 h6 9. Nh3 Bd6 10. d4 Qc7
11. dxe5 Bxe5 12. f4 Bd6 13. Qd3 O-O 14. O-O Be6 15. b3 Rad8 16. Qc3 Nb7 17. Ba3 c5 18. Nd2 Bxh3 19. Qxh3 Bxf4 20. Nc4 Nd5
21. Bf3 Bg5 22. Rad1 Nf4 23. Qg4 Nd6 24. Nxd6 Rxd6 25. Rxd6 Qxd6 26. Rd1 Qb6 27. Bb2 c4+ 28. Kh1 Qf2 29. h4 f5
0-1

[Event "SC 1500-2000"]
[Site "SchemingMind.com"]
[Date "2013.01.12"]
[Round "-"]
[White "kenneth m day"]
[Black "Clive Everill"]
[Result "0-1"]
[WhiteCountry "USA"]
[BlackCountry "CZE"]
[WhiteElo "1765"]
[WhiteRD "52"]
[BlackElo "1723"]
[BlackRD "50"]
[GameID "325022"]

1. e4 c5 2. d4 cxd4 3. c3 Nf6 4. e5 Nd5 5. Nf3 g6 6. Bc4 Nb6 7. Bxf7+ Kxf7 8. Ng5+ Kg7 9. cxd4 h6 10. Ne4 Nd5
11. Bd2 e6 12. Qg4 Qe8 13. h4 Be7 14. Nbc3 Nb4 15. O-O-O a5 16. f4 d5 17. Ng3 Nd3+ 18. Kb1 Nf2 19. Qf3 Nxd1 20. Rxd1 Bxh4
21. Rh1 Bxg3 22. Qxg3 Nc6 23. Be3 Nb4 24. Qg4 Bd7 25. Ne2 Nd3 26. Ng3 Kf8
0-1

[Event "SC 1500-2000"]
[Site "SchemingMind.com"]
[Date "2013.01.12"]
[Round "-"]
[White "Clive Everill"]
[Black "kenneth m day"]
[Result "1-0"]
[WhiteCountry "CZE"]
[BlackCountry "USA"]
[WhiteElo "1710"]
[WhiteRD "48"]
[BlackElo "1794"]
[BlackRD "51"]
[GameID "325024"]

1. e4 c5 2. Nf3 Nc6 3. Bb5 g6 4. Bxc6 bxc6 5. O-O Bg7 6. Re1 d6 7. e5 d5 8. d3 e6 9. Bg5 Ne7 10. d4 cxd4
11. Nxd4 O-O 12. Nxc6 Qb6 13. Nxe7+ Kh8 14. Qc1 Bb7 15. b3 Qd4 16. c3 Qg4 17. h3
1-0

[Event "SC 1500-2000"]
[Site "SchemingMind.com"]
[Date "2013.03.11"]
[Round "-"]
[White "Bottlevinnik"]
[Black "Clive Everill"]
[Result "1-0"]
[WhiteCountry "ENG"]
[BlackCountry "CZE"]
[WhiteElo "1656"]
[WhiteRD "111"]
[BlackElo "1703"]
[BlackRD "55"]
[GameID "328283"]

1. e4 e6 2. d4 d5 3. Nc3 Nc6 4. Nf3 Nf6 5. Bg5 Be7 6. e5 Ne4 7. Bxe7 Qxe7 8. Bd3 Qb4 9. Bxe4 Qxb2 10. Na4 Qb4+
11. c3 Qa5 12. Bxh7 Rxh7 13. Ng5 Rh8 14. Nxf7 Kxf7 15. Qf3+ Ke7 16. O-O Qxa4 17. Qg4 Rg8 18. f4 Bd7 19. f5 exf5 20. Qg5+ Kf8
21. Rae1 g6 22. Qf6+ Ke8 23. e6 Ne7 24. exd7+ Qxd7 25. Re5 Qd6 26. Re6 Qd7 27. Rfe1 Kd8 28. Rxe7 Qd6 29. Re8+ Kd7 30. Qf7+ Kc6
31. Qxg8 Rxe8 32. Qxe8+ Kb6 33. Rb1+ Ka6 34. Qb5#
1-0

[Event "SC 1500-2000"]
[Site "SchemingMind.com"]
[Date "2013.03.13"]
[Round "-"]
[White "Clive Everill"]
[Black "Bottlevinnik"]
[Result "1-0"]
[WhiteCountry "CZE"]
[BlackCountry "ENG"]
[WhiteElo "1703"]
[WhiteRD "55"]
[BlackElo "1656"]
[BlackRD "111"]
[GameID "328286"]

1. e4 c5 2. Nf3 d6 3. d4 cxd4 4. Nxd4 Nf6 5. Nc3 e6 6. g4 h6 7. h4 Nc6 8. Rg1 h5 9. gxh5 Nxh5 10. Bg5 Nf6
11. Be2 Be7 12. Qd2 Qb6 13. Nb3
1-0

[Event "SC 1500-2000"]
[Site "SchemingMind.com"]
[Date "2013.03.23"]
[Round "-"]
[White "NimbleKnight"]
[Black "lennart"]
[Result "0-1"]
[WhiteCountry "USA"]
[BlackCountry "SWE"]
[WhiteElo "1841"]
[WhiteRD "78"]
[BlackElo "1526"]
[BlackRD "60"]
[GameID "328720"]

1. d4 d5 2. c4 dxc4 3. Nf3 h6 4. e4 b5 5. a4 bxa4 6. Qxa4+ Bd7 7. Qxc4 e6 8. Be2 Nf6 9. Nc3 a6 10. Bf4 Nc6
11. O-O a5 12. d5 Nb4 13. Bxc7 Qc8 14. Rxa5 Rxa5 15. Bxa5 Qxc4 16. Bxc4 Be7 17. Bxb4 Bxb4 18. dxe6 fxe6 19. Nd2 O-O 20. Rc1 Bc5
21. h3 Nh5 22. Rf1 Nf4 23. Kh2 Bd4 24. g3 Nh5 25. Kg2 Kh8 26. f4 Rb8 27. Rb1 Nf6 28. Kf3 e5 29. f5 Kh7 30. Bd5 h5
31. Nd1 Kh6 32. g4 hxg4+ 33. hxg4 Kg5 34. b3 Rh8 35. Nf2 g6 36. Rg1 Rh4 37. Rg3 Rh8 38. Bc4 Ra8 39. Rg1 Ra2 40. Rd1 Bxf2
41. Kxf2 Nxg4+ 42. Kf3 gxf5 43. exf5 Bxf5 44. Bd5 Nf6 45. Ne4+ Nxe4 46. Bxe4 Bg4+ 47. Ke3 Bxd1 48. Bd5 Ra3 49. Ke4 Kf6 50. Bc4 Bxb3
51. Bb5 Bc2+ 52. Kd5 Kf5 53. Bf1 e4 54. Be2 Kf4 55. Kd4 e3 56. Bb5 Kf3 57. Bf1 Kf2 58. Bb5 Ke1 59. Kc5 Kd2 60. Kb4 Rb3+
61. Kc5 Bd3 62. Be8 e2 63. Bf7 Rc3+ 64. Kd5 e1=Q
0-1

[Event "SC 1500-2000"]
[Site "SchemingMind.com"]
[Date "2013.03.23"]
[Round "-"]
[White "lennart"]
[Black "NimbleKnight"]
[Result "0-1"]
[WhiteCountry "SWE"]
[BlackCountry "USA"]
[WhiteElo "1496"]
[WhiteRD "58"]
[BlackElo "1865"]
[BlackRD "75"]
[GameID "328722"]

1. e4 Nc6 2. Nc3 e5 3. f3 Bc5 4. Nge2 Nf6 5. a3 a6 6. h3 d5 7. exd5 Nxd5 8. Nxd5 Qxd5 9. d3 Be6 10. Nc3 Qd7
11. Bg5 O-O 12. Qe2 f6 13. Bh4 Rfd8 14. O-O-O b5 15. Ne4 Be7 16. Qd2 Qc8 17. f4 Bd5 18. Nc3 Bf7 19. g4 exf4 20. Qxf4 Bd6
21. Qf3 Ne5 22. Qe2 Ng6 23. Kb1 Nxh4 24. Rg1 Re8 25. Qf2 Ng6 26. h4 Qe6 27. Bg2 Rad8 28. Rh1 b4 29. axb4 Bxb4 30. Ne4 Qa2+
0-1

[Event "SC 1500-2000"]
[Site "SchemingMind.com"]
[Date "2013.06.28"]
[Round "-"]
[White "Clive Everill"]
[Black "lennart"]
[Result "1-0"]
[WhiteCountry "CZE"]
[BlackCountry "SWE"]
[WhiteElo "1712"]
[WhiteRD "56"]
[BlackElo "1501"]
[BlackRD "60"]
[GameID "333804"]

1. e4 e5 2. Bc4 h6 3. c3 a6 4. Qb3 Qe7 5. Nf3 d6 6. O-O Nf6 7. Re1 Be6 8. Bxe6 fxe6 9. Qxb7 Qd8 10. Qxa8 Be7
11. d4 O-O 12. Qa7 Nc6 13. Qxa6 Qd7 14. Nbd2 Rb8 15. Nc4 Kf7 16. dxe5 Ng4 17. Bf4 g5 18. exd6 cxd6 19. Bg3 h5 20. h3 Nf6
21. Nxg5+ Kg6 22. f4 Nd8 23. Red1 Ne8 24. Ne5+
1-0